Kylmä sota -visa #1 - Statistics

Yleistilastot
  • Tätä visaa on pelattu 1 195 kertaa
  • Keskiarvotulos 11 / 20
Vastaustilastot
Vihje Vastaus % Oikein
Vuonna 1961 rakennettu muuri {Berliinin} muuri
91%
Kuvitteellinen Euroopan kahteen osaan jakanut viiva Rauta{esirippu}
79%
Ensimmäinen ihminen avaruudessa Juri Gagarin
78%
Länsimaiden sotilasliitto NATO
77%
Neuvostoliiton johtaja kylmän sodan alussa Josif Stalin
75%
1950-luvun alun sota, joka jakoi niemimaan kahteen valtioon {Korean} sota
75%
Neuvostoliiton ja muiden itäblokin maiden liitto {Varsovan} liitto
75%
Yhdysvaltain tiedustelupalvelu CIA
71%
Kommunistisen Kuuban johtaja Fidel Castro
69%
Neuvostoliiton tiedustelupalvelu KGB
63%
Vuoden 1962 ydinaseuhkaan liittynyt vakava kriisi {Kuuban} {ohjus}kriisi
52%
Romaanin "Vuonna 1984" kirjoittaja George Orwell
48%
Tunnettu rajanylityspaikka yllä olevassa Checkpoint {Charlie}
46%
Tšekkoslovakian pyrkimys vapaampaan yhteiskuntaan 1968 {Prahan} kevät
44%
Yhdysvaltain suunnitelma Euroopan jälleenrakentamiseksi toisen maailmansodan jälkeen {Marshall}-suunnitelma
40%
Kommunistisen Kambodžan johtaja Pol Pot
40%
Yhdistyneen kuningaskunnan tiedustelupalvelu MI6
38%
Yhdysvaltalainen teoria, jonka mukaan kommunistien valtaannousu johtaisi samaan kyseisen valtion rajanaapureissa {Domino}teoria
34%
Neuvostoliiton yhteiskunnan avoimuuden lisääntymistä 1980-luvulla kuvaava käsite Glasnost
30%
Kylmän sodan aikainen sota, jossa suurvallat taistelivat tukivat kolmannen valtion maaperällä käydyn konfliktin eri osapuolia {Sijais}sota
16%
Ehtoja vastaavia visoja ei löytynyt
Tulosjakauma
Jokaisen tuloksen saaneiden osuus
Persentiili vastausten määrän mukaan
Tuloshistoriasi
Et ole pelannut tätä visaa